| 000 | 00866cab a22001935a 4500 | ||
|---|---|---|---|
| 001 | L154332 | ||
| 008 | 111114e20111104xxk 000 0 eng d | ||
| 035 | _a(Sirsi) u154332 | ||
| 041 | 0 | _aeng | |
| 100 | 1 | _aLjubic, Philip | |
| 245 | 0 | 0 | _aFive reasons why values will remain stable |
| 260 | _c2011 | ||
| 490 | 0 |
_aProperty Week _v77(44) 4 November 2011, 40(1) |
|
| 520 | _aBroader market volatility has brought out an increase in activity and interest in property derivatives. UK commercial physical property is likely to hold up over the next 15 months compared with other asset classes so property derivative prices are unlikely to start tumbling. Looks at five factors why values are likely to remain stable. | ||
| 590 | _aKA | ||
| 651 | 4 |
_aUnited Kingdom _y |
|
| 690 | _aPROPERTY-COMMERCIAL PROPERTY-COMMERCIAL PROPERTY FINANCE AND INVESTMENT | ||
| 942 | _n0 | ||
| 999 |
_c83580 _d83580 |
||